00763nam a22002057a 450000500170000001000150001702000260003203500140005803700090007208200140008124500580009525000060015326000390015927001040019830000200030270000340032294200250035699900190038195201570040020260417123629.0 aENG-148313 a9788197880391c450.00 aEN-131845 bDBAD a891.4521 aEliot in Assamese Literature/cEdited By Pona Mahanta a1 aGuwahatibPurbanchal Prakashc2026 aH.N0--2, Seujee Path, Wireless, Dr. B.N.Saikia RoadbGuwahatie781006mpurbanchal_prakash@yahoo.com a149p.c23cm(Hb) aMahanta, Pona eEditor988946 2ddccENh891.45mELI c215929d215929 001040708NFICaZLSbZLSd2026-04-17eDelivery of Books Act Divisiong450.00l0o891.45 ELIpEN-131845r2026-04-17 12:37:04t1v450.00w2026-04-17yEN